000 00504nam a22001937a 4500
003 OSt
005 20160518134313.0
008 160518b xxu||||| |||| 00| 0 eng d
010 _a2005052203
020 _a 9781416029915
040 _cn/a
050 _aQP121
_b .M94 2006
100 _a Myers,Adam
245 _aRespiratory system
_c Adam Myers
250 _a1st ed.
260 _aPhiladelphia :
_bMosby/Elsevier,
_c c2006.
300 _aix, 242 p.
_b ill.
_c 26 cm.
942 _2lcc
_cBK
999 _c253862
_d253861